01038nam0a22002411 4500001001000000005001700010035002600027100004100053101000800094102000700102105001800109200011500127210006000242215001600302300009800318327010000416464009600516464008800612700003600700801001800736801002200754852002000776rc\80712520250622000640.0 a(NLR Aleph) 005990980 a20041129d1983 |||y0rusy50 ca0 arus aRU ay |||||||||1 aВозвращение талисманаeПовестиe[Пер. с чуваш.]fГригорий Луч aЧебоксарыcЧуваш. кн. изд-воd1983 a135 с.d22 aВ вып. дан. авт.: Григорий Васильевич Васильев (Луч)1 aСодерж.: Возвращение талисмана; Пастушеская свирель 012001#$aВозвращение талисманаtВозвращение талисмана 012001#$aПастушеская свирельtПастушеская свирель 1aЛучbГ.gГригорий 0aRUbNLRgpsbo 1aRUbELAR2rusmarc aNLRj83-3/12354